Géographie - Associe les pays de l'UE à leur capitale - Statistiques

Statistiques générales
  • Ce quiz a été pris 1 000 fois
  • Le résultat moyen est 19 sur 27
Statistiques - réponses
Hint Réponse % Correct
Italie Rome
96%
Allemagne Berlin
91%
France Paris
91%
Grèce Athènes
90%
Espagne Madrid
86%
Portugal Lisbonne
85%
Irlande Dublin
84%
Pologne Varsovie
80%
Belgique Bruxelles
79%
Luxembourg Luxembourg
79%
Danemark Copenhague
78%
Finlande Helsinki
78%
Suède Stockholm
78%
Autriche Vienne
74%
Pays-Bas Amsterdam
72%
Malte La Valette
72%
Croatie Zagreb
70%
République Tchèque Prague
68%
Roumanie Bucarest
60%
Hongrie Budapest
59%
Chypre Nicosie
58%
Estonie Tallinn
54%
Slovénie Ljubljana
52%
Bulgarie Sofia
52%
Lituanie Vilnius
50%
Slovaquie Bratislava
49%
Lettonie Riga
47%
Aucun quiz correspondant
Distribution des résultats
% des personnes avec chaque résultat
Percentile par nombre de réponses
Votre historique - résultats
Vous n’avez pas pris ce quiz